Normal view
MARC view
- এ. আর . মাসউদ
Entry Personal Name
001 - CONTROL NUMBER
- control field: 5339
003 - CONTROL NUMBER IDENTIFIER
- control field: OSt
005 - DATE AND TIME OF LATEST TRANSACTION
- control field: 20230618053653.0
008 - FIXED-LENGTH DATA ELEMENTS
- fixed length control field: 230618|| aca||aabn | a|a d
040 ## - CATALOGING SOURCE
- Original cataloging agency: OSt
- Transcribing agency: OSt
100 ## - HEADING--PERSONAL NAME
- Personal name: এ. আর . মাসউদ
670 ## - SOURCE DATA FOUND
- Source citation: Work cat.: (OSt)4071: মাসউদ, এ. আর . 5338, ব্যাংক কোম্পানী আইন / , c2008
